| 000 | 01576nam2a22002771 4500 | ||
|---|---|---|---|
| 001 | v19\rc\1327069 | ||
| 005 | 20250618120732.0 | ||
| 035 | _a(NLR Aleph) 004560307 | ||
| 090 |
_a2264486 _c2264486 |
||
| 100 | _a20060512d1845 |||y0rusy50 ca | ||
| 101 | 0 | _arus | |
| 102 | _aRU | ||
| 105 | _ab z ||||| | ||
| 200 | 1 |
_aРадомская губерния _eПо материалам Ген. штаба подполк. Гретенфельда |
|
| 210 |
_d1845 _aБ. м. |
||
| 215 | _a[1], 20, 12 с., 1 карт. | ||
| 461 | 0 |
_1001v19\rc\1327031 _12001#$aСведения об удобствах квартирного размещения всех родов войск в пределах Российской империи и квартирные карты губерний и областей$fСост. при 1 Отд-нии Деп. Ген. штаба...$vРадомская губерния _92264005 _cБ.м. _d1842-1845 _e2-е изд. _fСост. при 1 Отд-нии Деп. Ген. штаба... _tСведения об удобствах квартирного размещения всех родов войск в пределах Российской империи и квартирные карты губерний и областей _vРадомская губерния |
|
| 702 | 1 |
_9z03790 _aГротенфельд _4100 |
|
| 790 | 1 |
_9z03702 _aГретенфельд |
|
| 801 | 0 |
_aRU _bNLR _gpsbo |
|
| 801 | 0 |
_aRU _bRuMoRGB _2psbo |
|
| 801 | 1 |
_aRU _bProSoft-M _2rusmarc |
|
| 852 |
_aNLR _jDesideratum |
||
| 899 |
_aRuMoRGB _jU 268/20 |
||
| 942 | _cBOOK | ||
| 980 | _aNB | ||